| 000 | 00493nam a22001577a 4500 | ||
|---|---|---|---|
| 999 |
_c9174 _d9174 |
||
| 008 | 210326b ||||| |||| 00| 0 eng d | ||
| 040 | _aBMS College of Architecture | ||
| 100 | _aAhmed, Alain, Noor | ||
| 245 | _aThe stadium : A multi- purpose urban space | ||
| 300 | _aNA | ||
| 500 | _a1BM04AT020 | ||
| 502 |
_8B.Arch _NBMS College of Architecture, Visvesvaraya Technological University _aProject report _d2009 |
||
| 650 | _aUrban sapce | ||
| 700 |
_aMamatha P Raj _eGuide |
||
| 942 |
_2ddc _cTHE |
||